header

The mole people (Record no. 128303)

MARC details
000 -LEADER
fixed length control field 01376nam a2200361Ia 4500
082 04 - DEWEY DECIMAL CLASSIFICATION NUMBER
Classification number 305.5/69
100 1# - MAIN ENTRY--AUTHOR NAME
Personal name Toth, Jennifer.
245 14 - TITLE STATEMENT
Title The mole people
250 ## - EDITION STATEMENT
Edition statement 1st ed.
260 ## - PUBLICATION, DISTRIBUTION, ETC. (IMPRINT)
Place of publication Chicago, Ill. :
Name of publisher Chicago Review Press,
Year of publication c1993.
300 ## - PHYSICAL DESCRIPTION
Number of Pages x, 267 p. :
Other physical details ill.
650 #0 - SUBJECT ADDED ENTRY--TOPICAL TERM
Topical Term Homeless persons
Topical Term Homeless persons
Topical Term Homelessness.
Topical Term Underground homeless persons
856 40 - ELECTRONIC LOCATION AND ACCESS
Uniform Resource Identifier http://site.ebrary.com/lib/rucke/Doc?id=10464634

No items available.

© 2026 Rongo University
Contact us: librarian | system librarian | Rongo university